000 006250000a22000970004500
245 1 0 _aCompetencia Comunicativa: condición para el aprendizaje
300 _aVol.0, núm.13 (Diciembre, 2009), Pág. 8
520 _aEn las discusiones académicas a veces se olvida el importante rol que cumple el discurso oral en la producción, intercambio y el desarrollo del conocimiento. Estas tres habilidades y formas de saber: escritura, lectura y oralidad, forman el conjunto de la competencia genérica en comunicaión, en lengua materna y otra lengua internacional.
773 0 _tEducación superior : Boletín informativo
942 _cANA
999 _c63482
_d63482